Corinna Bille: Le vrai conte de sa vie
Guardado en:
| Autor principal: | |
|---|---|
| Formato: | Libro |
| Lenguaje: | Undetermined |
| Publicado: |
Lausanne, Suiza
Editions Z
1999
|
| Materias: | |
| Etiquetas: |
Agregar Etiqueta
Sin Etiquetas, Sea el primero en etiquetar este registro!
|
MARC
| LEADER | 00000nam a2200000Ia 4500 | ||
|---|---|---|---|
| 008 | 170316s9999 xx 000 0 und d | ||
| 090 | |a 800-S F-2c | ||
| 100 | |a Favre, Gilberte | ||
| 245 | |a Corinna Bille: Le vrai conte de sa vie | ||
| 260 | |a Lausanne, Suiza | ||
| 260 | |b Editions Z | ||
| 260 | |c 1999 | ||
| 300 | |a 175 páginas | ||
| 650 | |a OTRAS LITERATURAS | ||
| 650 | |a LITERATURA SUIZA | ||
| 650 | |a BIOGRAFÍA- CORINNA BILLE | ||
| 650 | |a EN IDIOMA INGLÉS | ||
| 999 | |c 19981 |d 19981 | ||
| 040 | |a cru BVZT | ||
| 942 | |c 15 D |h 800-S F-2c |2 z | ||
